000 00401pab a2200145 454500
008 180718b1987 xxu||||| |||| 00| 0 eng d
100 _aSimmie, James
245 _aPlanning theory and planning practice
_bAn analysis of the San Francisco Downtown plan
260 _c1987
300 _a304-24
362 _aNov.
650 _aLand Use - Planning - San Francisco
773 _aCities
909 _a12178
999 _c12178
_d12178